=LDR 00000nam 2200000 4500 =001 INLIS000000000028473 =005 20130612130757 =008 ***********************************Ind** =035 ##$$0010-061300000028473 =041 ##$$a Ind =082 ##$$a 922 =090 ##$$a 922, Rof c =100 ##$$a Rofi'ie, Abd Halim =245 ##$$a Cinta ilahi menurut al-Ghazali dan Rabi'ah al-Adawiyah, Abd Halim Rofi'ie =260 ##$$a 1997 $b Jakarta =300 ##$$a x, 148 hlm, 18 cm =650 ##$$a Biografi - Islam =850 ##$$a NBPNMAT